Statistiques concernant Gdańsk - Culture générale

Cliquez ici pour prendre le quiz!

Statistiques générales

  • Ce quiz a été pris 33 fois
  • Le résultat moyen est 8 sur 15

Statistiques - réponses

InformationRéponse% Correct
Mer au nord de la villeMer Baltique
93%
Grand fleuve polonais qui vient s'y jeterVistule
81%
Nom de la ville lorsqu'elle était encore culturellement allemandeDantzig
78%
Nation qui détruisit la ville à 90% dans des bombardementsUnion Soviétique
78%
Physicien qui a donné son nom à une échelle de températureGabriel Fahrenheit
74%
Aménagement commercial le plus important de son type en PolognePort
56%
Ordre militaire chrétien qui gouvernait la ville dans le bas Moyen-ÂgeOrdre {teutonique}
52%
Meneur de grève, prix Nobel et président de la Pologne affranchie du communismeLech Wałęsa
52%
Ligue de villes commerciales dont Gdansk fut l'une des dernières membresLigue hanséatique
48%
Instrument de musique dont la fabrication locale fut réputéePiano
48%
Résine minéralisée utilisée comme gemme dont Gdansk est un carrefour mondialAmbre
44%
Divinité romaine qui a une riche fontaine à son effigie devant l'hôtel de villeNeptune
37%
Symbole indiqué deux fois en blanc sur le drapeau rouge de la villeCroix
30%
Voïvodine (région) dont Gdansk est le chef-lieuPoméranie
22%
Philosophe allemand auteur de Le monde comme volonté et comme représentation (1819)Arthur Schopenhauer
22%

Distribution des résultats

Percentile par nombre de réponses

% des personnes avec chaque résultat

Votre développement - résultats

Vous n’avez pas pris ce quiz